| 000 | 00793nac a22002890a 4500 | ||
|---|---|---|---|
| 001 | PT55561 | ||
| 003 | AR-LpoUNG | ||
| 005 | 20210201005541.0 | ||
| 008 | 201001s1993||||xxu|||||||||||||||||eng d | ||
| 020 |
_a0883857006 _c$100 |
||
| 040 |
_aAR-LpoUNG _bspa _eaacr |
||
| 041 | _aeng | ||
| 044 | _axxu | ||
| 082 | 0 | _a510 424v1 | |
| 100 | 1 | _aNelsen, Roger B. | |
| 245 | 1 | 0 |
_aProofs without words : _bexercises in visual thinking |
| 250 | _a1ra. ed. | ||
| 260 |
_aWashington : _bThe Mathematical Association of America, _c1993. |
||
| 300 |
_a152 p. : _bgráfs. _a(2 _fVolúmenes) _3Impreso |
||
| 490 | 0 | _aProofs without words | |
| 650 | 4 | _aGEOMETRIA | |
| 650 | 4 | _aMATEMATICAS | |
| 651 | 4 | _aDOCUMENTOS TEORICOS O METODOLOGICOS | |
| 653 | _aALGEBRA | ||
| 905 | _a55561 | ||
| 942 | _cLSALA | ||
| 999 |
_c50156 _d50156 |
||